Nastartujte mozek za 60 sekund : čtyřtýdenní program na vyčištění vašeho mozku /

Hlavní autor: Cook, Michelle Schoffro, 1972-
Další autoři: Škapová, Hana
Jazyk: Čeština
Vydáno: V Brně : BizBooks, 2017
Vydání: 1. vydání
Témata:
Fyzický popis: 400 stran ; 21 cm
Knihy
Uloženo v:
LEADER 02540nam a2200697 i 4500
001 nkc20172903076
003 CZ PrNK
005 20170720093925.0
007 ta
008 170613s2017 xr e f 000 0 cze
015 |a cnb002903076 
020 |a 978-80-265-0621-8  |q (brožováno)  |z 978-80-2650-621-8 :  |c Kč 349,00 
035 |a (OCoLC)993646701 
040 |a BOA001  |b cze  |e rda 
041 1 |a cze  |h eng 
072 7 |a 615.8  |x Fyzioterapie. Psychoterapie. Alternativní lékařství  |2 Konspekt  |9 14 
080 |a 612.82  |2 MRF 
080 |a 616.831  |2 MRF 
080 |a 159.955  |2 MRF 
080 |a 615.8  |2 MRF 
080 |a 613  |2 MRF 
080 |a 613.2  |2 MRF 
080 |a (083.12)  |2 MRF 
080 |a (035)  |2 MRF 
100 1 |a Cook, Michelle Schoffro,  |d 1972-  |7 mzk2017956929  |4 aut 
240 1 0 |a 60 seconds to boost your brain power.  |l Česky 
245 1 0 |a Nastartujte mozek za 60 sekund :  |b čtyřtýdenní program na vyčištění vašeho mozku /  |c Michelle Schoffro Cook ; překlad: Hana Škapová 
250 |a 1. vydání 
264 1 |a V Brně :  |b BizBooks,  |c 2017 
300 |a 400 stran ;  |c 21 cm 
336 |a text  |b txt  |2 rdacontent 
337 |a bez média  |b n  |2 rdamedia 
338 |a svazek  |b nc  |2 rdacarrier 
500 |a Přeloženo z angličtiny 
504 |a Obsahuje bibliografické odkazy 
650 0 7 |a mozek  |7 ph123008  |2 czenas 
650 0 7 |a nemoci mozku  |7 ph138139  |2 czenas 
650 0 7 |a rozvoj myšlení  |7 ph135316  |2 czenas 
650 0 7 |a alternativní terapie  |7 ph137043  |2 czenas 
650 0 7 |a zdravý životní styl  |7 ph127592  |2 czenas 
650 0 7 |a životospráva  |7 ph128035  |2 czenas 
650 0 7 |a racionální výživa  |7 ph124968  |2 czenas 
650 0 9 |a brain  |2 eczenas 
650 0 9 |a brain diseases  |2 eczenas 
650 0 9 |a development of thought  |2 eczenas 
650 0 9 |a alternative therapy  |2 eczenas 
650 0 9 |a healthy lifestyle  |2 eczenas 
650 0 9 |a health behavior  |2 eczenas 
650 0 9 |a healthy eating  |2 eczenas 
655 7 |a příručky  |7 fd133209  |2 czenas 
655 7 |a kuchařské recepty  |7 fd132687  |2 czenas 
655 9 |a handbooks and manuals  |2 eczenas 
655 9 |a cookbooks  |2 eczenas 
700 1 |a Škapová, Hana  |7 jn20001103597  |4 trl 
910 2 |a BOA001  |b 2-1389.428 
928 9 |a Albatros Media - BizBooks 
990 |a BK 
995 |a 01 
991 |b 201706  |c NOV 
996 6 |b 2610712065  |c 2-1389.428  |l MZK  |r Sklad / do 1 hodiny  |n 4  |p p.v.  |w 001616891  |u 000010  |a 1  |e BOA001  |j MZK50  |s P 
996 7 |b 2610712877  |c 2-1389.428  |l Vol.výběr  |r VV 0p  |n 12  |p kup  |h 613 COO  |w 001616891  |u 000020  |a 0  |e BOA001  |j MZK50  |s A